LIBRARY & INFORMATION CENTRE, KCAET, TAVANUR

ONLINE PUBLIC ACCESS CATALOGUE (OPAC)

Fundamentals of magnetism and electricity for BSc and engineering students / (Record no. 11059)

MARC details
000 -LEADER
fixed length control field 00484cam a2200181ua 4500
041 ## - LANGUAGE CODE
Language code of text/sound track or separate title eng
082 ## - DEWEY DECIMAL CLASSIFICATION NUMBER
Classification number 537
Item number VAS/FU
100 ## - MAIN ENTRY--AUTHOR NAME
Personal name Vasudeva, D N .
245 ## - TITLE STATEMENT
Title Fundamentals of magnetism and electricity for BSc and engineering students /
250 ## - EDITION STATEMENT
Edition statement 12 /
260 ## - PUBLICATION, DISTRIBUTION, ETC. (IMPRINT)
Place of publication New Delhi :
Name of publisher S.Chand and Co ,
Year of publication 1984.
300 ## - PHYSICAL DESCRIPTION
Number of Pages 944 ; .
942 ## - ADDED ENTRY ELEMENTS (KOHA)
Koha item type Books
Holdings
Withdrawn status Lost status Damaged status Home library Current library Date acquired Full call number Accession Number Koha item type
      KAUAET KAUAET 01/09/1986 537 VAS/FU 15580 Books
free website counter